Député·e·s Ensemble pour la République (2024) - Images - Statistiques

Statistiques générales
  • Ce quiz a été pris 23 fois
  • Le résultat moyen est 46 sur 163
Statistiques - réponses
Par images Hint Réponse % Correct
Hauts-de-Seine 10e (EPR) Gabriel Attal
100%
Nord 10e (EPR) Gérald Darmanin
100%
Yvelines 5e (EPR) Yaël Braun-Pivet
100%
Yvelines 10e (EPR) Aurore Bergé
93%
Calvados 6e (EPR) Élisabeth Borne
93%
Hauts-de-Seine 8e (EPR) Prisca Thevenot
93%
Loir-et-Cher 1re (Démocrates) Marc Fesneau
73%
Val-d'Oise 4e (Horizons) Naïma Moutchou
67%
Hauts-de-Seine 9e (EPR° Stéphane Séjourné
67%
Gers 1re (EPR) Jean-René Cazeneuve
60%
Corse-du-Sud 1re (Horizons) Laurent Marcangeli
60%
Hauts-de-Seine 7e (EPR) Pierre Cazeneuve
60%
Français établis hors de France 1re (EPR) Roland Lescure
60%
Gironde 1re (EPR) Thomas Cazenave
60%
Oise 4e (EPR) Éric Woerth
53%
Seine-et-Marne 5e (EPR) Franck Riester
53%
Paris 12e (EPR) Olivia Grégoire
53%
Paris 1re (EPR) Sylvain Maillard
53%
Seine-et-Marne 2e (Horizons) Frédéric Valletoux
47%
Côtes-d'Armor 2e (EPR) Hervé Berville
47%
Nord 9e (EPR) Violette Spillebout
47%
Seine-Maritime 7e (Horizons) Agnès Firmin Le Bodo
40%
Haut-Rhin 1re (EPR) Brigitte Klinkert
40%
Pyrénées-Atlantiques 2e (Démocrates) Jean-Paul Mattei
40%
Yvelines 12e (EPR) Karl Olive
40%
Yvelines 4e (EPR) Marie Lebec
40%
Charente-Maritime 1re (Démocrates) Olivier Falorni
40%
Eure-et-Loir 4e (Démocrates) Philippe Vigier
40%
Loiret 6e (Démocrates) Richard Ramos
40%
Haute-Savoie 5e (Horizons) Anne-Cécile Violland
33%
Morbihan 1re (Horizons) Anne Le Hénanff
33%
Vendée 2e (Horizons) Béatrice Bellamy
33%
Jura 1re (EPR) Danielle Brulebois
33%
Paris 13e (EPR) David Amiel
33%
Finistère 8e (Démocrates) Erwan Balanant
33%
Gironde 10e (EPR) Florent Boudié
33%
Indre-et-Loire 3e (Horizons) Henri Alfandari
33%
Marne 2e (EPR) Laure Miller
33%
Moselle 2e (EPR, App.) Ludovic Mendes
33%
Essonne 5e (EPR) Paul Midy
33%
Pas-de-Calais 4e (EPR) Philippe Fait
33%
Loire-Atlantique 7e (Démocrates) Sandrine Josso
33%
Finistère 4e (EPR) Sandrine Le Feur
33%
Manche 3e (EPR, App.) Stéphane Travert
33%
Français établis hors de France 5e (EPR, App.) Stéphane Vojetta
33%
Ille-et-Vilaine 6e (Horizons, App.) Thierry Benoit
33%
Finistère 1re (EPR) Annaïg Le Meur
27%
Yvelines 3e (Horizons) Béatrice Piron
27%
Saône-et-Loire 1re (EPR) Benjamin Dirx
27%
Calvados 5e (Horizons) Bertrand Bouyx
27%
Rhône 5e (Démocrates) Blandine Brocard
27%
Nord 4e (EPR) Brigitte Liso
27%
Haut-Rhin 6e (Démocrates) Bruno Fuchs
27%
Français établis hors de France 8e (EPR) Caroline Yadan
27%
Hauts-de-Seine 5e (EPR) Céline Calvez
27%
Calvados 4e (Démocrates) Christophe Blanchet
27%
Hauts-de-Seine 6e (EPR, App.) Constance Le Grip
27%
Rhône 12e (Démocrates) Cyrille Isaac-Sibille
27%
Indre-et-Loire 2e (EPR) Daniel Labaronne
27%
Maine-et-Loire 5e (EPR) Denis Masséglia
27%
Haut-Rhin 3e (Horizons) Didier Lemaire
27%
Français établis hors de France 2e (EPR, App.) Eléonore Caroit
27%
Côtes-d'Armor 5e (EPR) Éric Bothorel
27%
Nord 7e (Horizons) Félicie Gérard
27%
Cher 1re (EPR) François Cormier-Bouligeon
27%
Maine-et-Loire 1re (Horizons) François Gernigon
27%
Indre 1re (Horizons) François Jolivet
27%
Français établis hors de France 7e (Démocrates) Frédéric Petit
27%
Mayenne 2e (Démocrates) Géraldine Bannier
27%
Moselle 9e (Horizons) Isabelle Rauch
27%
Morbihan 2e (Démocrates) Jimmy Pahun
27%
Pyrénées-Atlantiques 1re (Démocrates) Josy Poueyto
27%
Landes 2e (EPR, App.) Lionel Causse
27%
Marne 4e (Horizons) Lise Magnier
27%
Val-de-Marne 4e (Démocrates) Maud Petit
27%
Moselle 3e (Horizons, App.) Nathalie Colin-Oesterlé
27%
Nouvelle-Calédonie 1re (EPR) Nicolas Metzdorf
27%
Vienne 4e (Démocrates) Nicolas Turquois
27%
Haut-Rhin 5e (EPR, App.) Olivier Becht
27%
Vendée 5e (Horizons) Pierre Henriet
27%
Français établis hors de France 4e (EPR) Pieyre-Alexandre Anglade
27%
Ain 2e (Démocrates, App.) Romain Daubié
27%
Val-de-Marne 1re (Horizons, App.) Sylvain Berrios
27%
Marne 1re (Horizons) Xavier Albertini
27%
Loiret 5e (EPR) Anthony Brosse
20%
Moselle 1re (EPR, App.) Belkhir Belhaddad
20%
Bas-Rhin 5e (EPR) Charles Sitzenstuhl
20%
Loir-et-Cher 3e (EPR) Christophe Marion
20%
Charente-Maritime 5e (Horizons) Christophe Plassard
20%
Haute-Garonne 3e (EPR) Corinne Vignon
20%
Seine-Maritime 9e (Horizons) David Guerin
20%
Finistère 3e (EPR) Didier Le Gac
20%
Saint-Barthélemy et Saint-Martin 1re (Démocrates) Frantz Gumbs
20%
Haut-Rhin 2e (Démocrates) Hubert Ott
20%
Sarthe 5e (Démocrates) Jean-Charles Grelier
20%
Haute-Garonne 5e (Horizons, App.) Jean-François Portarrieu
20%
Aveyron 3e (EPR) Jean-François Rousset
20%
Paris 2e (EPR) Jean Laussucq
20%
Rhône 11e (EPR) Jean-Luc Fugit
20%
Deux-Sèvres 3e (EPR) Jean-Marie Fiévet
20%
Loire-Atlantique 3e (Horizons, App.) Jean-Michel Brard
20%
Morbihan 6e (EPR) Jean-Michel Jacques
20%
Calvados 3e (Horizons) Jérémie Patrier-Leitus
20%
Sarthe 1re (EPR) Julie Delpech
20%
Maine-et-Loire 4e (Horizons) Laetitia Saint-Paul
20%
Doubs 1re (Démocrates) Laurent Croizier
20%
Cher 3e (Horizons) Loïc Kervran
20%
Bas-Rhin 6e (Démocrates) Louise Morel
20%
Essonne 4e (EPR) Marie-Pierre Rixain
20%
Lot-et-Garonne 2e (EPR) Michel Lauzzana
20%
Côtes-d'Armor 1re (Démocrates) Mickaël Cosson
20%
Yvelines 6e (EPR) Natalia Pouzyreff
20%
Maine-et-Loire 6e (EPR) Nicole Dubré-Chirat
20%
Morbihan 3e (EPR) Nicole Le Peih
20%
Vienne 3e (Démocrates) Pascal Lecamp
20%
Indre-et-Loire 5e (Démocrates) Sabine Thillaye
20%
Charente 2e (EPR) Sandra Marsaud
20%
Nord 5e (EPR, App.) Sébastien Huyghe
20%
Gironde 9e (Démocrates) Sophie Mette
20%
Gironde 8e (EPR) Sophie Panonacle
20%
Aveyron 1re (EPR) Stéphane Mazars
20%
Loiret 1re (EPR) Stéphanie Rist
20%
Rhône 10 (EPR) Thomas Gassilloud
20%
Hauts-de-Seine 2e (Horizons) Thomas Lam
20%
Haute-Savoie 1re (EPR) Véronique Riotton
20%
Français établis hors de France 3e (EPR) Vincent Caure
20%
Bas-Rhin 9e (Horizons) Vincent Thiébaut
20%
Var 1re (EPR, App.) Yannick Chenevard
20%
Français établis hors de France 10e (EPR) Amélia Lakrafi
13%
Deux-Sèvres 1re (EPR, App.) Bastien Marchive
13%
Manche 2e (EPR) Bertrand Sorre
13%
Yvelines 1re (EPR) Charles Rodwell
13%
Ille-et-Vilaine 5e (EPR) Christine Le Nabour
13%
Puy-de-Dôme 4e (Démocrates) Delphine Lingemann
13%
Savoie 1re (Démocrates) Didier Padey
13%
Sarthe 3e (Démocrates) Éric Martineau
13%
Landes 1re (Démocrates) Fabien Lainé
13%
Bas-Rhin 4e (EPR) Françoise Buffet
13%
Finistère 5e (EPR) Graziella Melchior
13%
Val-de-Marne 6e (EPR) Guillaume Gouffier Valente
13%
Nord 6e (Horizons) Jean Moulliere
13%
Tarn 3e (EPR) Jean Terlier
13%
Finistère 7e (EPR) Liliana Tanguy
13%
Val-de-Marne 5e (EPR) Mathieu Lefèvre
13%
Wallis-et-Futuna 1re (EPR) Mikaele Seo
13%
Polynésie Française 1re (EPR) Moerani Frébault
13%
Maine-et-Loire 7e (Démocrates) Philippe Bolo
13%
Vendée 1re (Démocrates) Philippe Latombe
13%
Nord 14e (Horizons, App.) Pierre Marle
13%
Vendée 3e (EPR) Stéphane Buchou
13%
Haute-Savoie 6e (Horizons) Xavier Roseren
13%
Yvelines 2e (Démocrates) Anne Bergantz
7%
Seine-et-Marne 2e (EPR) Annie Vidal
7%
Hauts-de-Seine 13e (EPR) Christophe Mongardien
7%
Haute-Savoie 2e (EPR) Danièle Carteron
7%
Paris 4e (EPR) Emmanuelle Hoffman
7%
Loire 3e (Démocrates) Emmanuel Mandon
7%
Eure-et-Loir 1re (Horizons) Isabelle Mesnard
7%
Paris 14e (EPR) Joséphine Missoffe
7%
Français établis hors de France 6e (EPR) Marie-Ange Rousselot
7%
Pas-de-Calais 2e (EPR) Pauline Levasseur
7%
Français établis hors de France 11e (EPR) Remi Provendier
7%
Ain 3e (EPR) Sophie Delorme
7%
Aucun quiz correspondant
Distribution des résultats
% des personnes avec chaque résultat
Percentile par nombre de réponses
Votre historique - résultats
Vous n’avez pas pris ce quiz